Educational status of the scheduled castes in Odisha : (Record no. 35718)

MARC details
000 -LEADER
fixed length control field 00566nam a2200157Ia 4500
041 ## - LANGUAGE CODE
Language code of text/sound track or separate title English
082 ## - DEWEY DECIMAL CLASSIFICATION NUMBER
Classification number RM.0402
100 ## - MAIN ENTRY--AUTHOR NAME
Personal name Mallik, Basanta Kumar
Affiliation PG Department of History , Utkal University
Place Odisha
245 #0 - TITLE STATEMENT
Title Educational status of the scheduled castes in Odisha :
Sub Title Attainments and challenges /
Statement of responsibility, etc Basanta Kumar Mallik
260 ## - PUBLICATION, DISTRIBUTION, ETC. (IMPRINT)
Place of publication New Delhi :
Name of publisher/Sponsor Indian Council of Social Science Research ,
Year of publication 2012
300 ## - PHYSICAL DESCRIPTION
Number of Pages 296p.
536 ## - FUNDING INFORMATION NOTE
Funding Agency Indian Council of Social Science Research
546 ## - LANGUAGE NOTE
Language note English
650 ## - SUBJECT ADDED ENTRY--TOPICAL TERM
Topical Term Education
Geographic subdivision India
-- Odisha
942 ## - ADDED ENTRY ELEMENTS (KOHA)
Koha item type Research Reports
Source of classification or shelving scheme Dewey Decimal Classification
Holdings
Withdrawn status Lost status Damaged status Not for loan Collection code Home library Current library Date acquired Source of acquisition Full call number Accession Number Price effective from Koha item type
      Not For Loan ICSSR Research Project Reports NASSDOC Library NASSDOC Library 20/04/2022 Gifted by: RP Division ICSSR RM.0402 52261 29/04/2022 Research Reports
          NASSDOC Library NASSDOC Library 14/03/2024   RM.0402 53660 14/03/2024 Research Reports